[Event "4NCL Division 3 North"]
[Site "Bolton, ENG"]
[Date "2018.01.13"]
[Round "3.35"]
[White "Taylor, John Paul"]
[Black "Garnett, John S"]
[Result "1-0"]
[WhiteElo "1872"]
[BlackElo "1933"]
[PlyCount "111"]
[EventDate "2018.01.13"]
[WhiteTeam "Cheddleton 2"]
[BlackTeam "Ashfield-Breadsall 1"]

1. e4 c6 2. d4 d5 3. Nc3 dxe4 4. Nxe4 Bf5 5. Ng3 Bg6 6. h4 h6 7. Nf3 Nd7 8. h5
Bh7 9. Bd3 Bxd3 10. Qxd3 e6 11. Bd2 Ngf6 12. O-O-O Qc7 13. Kb1 O-O-O 14. Qe2
Bd6 15. Ne4 Nxe4 16. Qxe4 Nf6 17. Qe2 Rhe8 18. Ne5 Qe7 19. Rh3 Nd7 20. Ba5 Bc7
21. Nxc6 bxc6 22. Qa6+ Kb8 23. Bxc7+ Kxc7 24. Rc3 Nb8 25. Qxa7+ Kc8 26. Qa4 Qb7
27. Rb3 Qc7 28. Qb4 Rd5 29. a4 Rxh5 30. Rdd3 Rd8 31. g3 Rhd5 32. Qc4 e5 33.
Rxb8+ Kxb8 34. Qa6 Qb7 35. Rb3 Qxb3 36. cxb3 exd4 37. Qb6+ Kc8 38. Qxc6+ Kb8
39. a5 R5d6 40. Qb5+ Ka7 41. Qd3 Rd5 42. b4 Rb8 43. Qc4 Rbd8 44. Qc7+ Ka8 45.
b5 R5d7 46. Qc6+ Kb8 47. Qb6+ Ka8 48. Qc6+ Kb8 49. a6 Rc7 50. a7+ Rxa7 51. Qb6+
Kc8 52. Qxa7 Rd7 53. Qa8+ Kc7 54. Qc6+ Kd8 55. b6 d3 56. Kc1 1-0

[Event "4NCL Division 3 North"]
[Site "Bolton, ENG"]
[Date "2018.01.13"]
[Round "3.36"]
[White "Truman, Richard G"]
[Black "Armstrong, William G"]
[Result "0-1"]
[WhiteElo "1909"]
[BlackElo "1809"]
[PlyCount "42"]
[EventDate "2018.01.13"]
[WhiteTeam "Ashfield-Breadsall 1"]
[BlackTeam "Cheddleton 2"]

1. e4 c5 2. Nf3 g6 3. d4 cxd4 4. Nxd4 Nf6 5. Nc3 Nc6 6. Be2 Bg7 7. Nb3 O-O 8.
O-O a6 9. Re1 b5 10. Bf1 Bb7 11. Nc5 Qc7 12. a4 b4 13. Nd5 Nxd5 14. exd5 Nd4
15. Nxb7 Nxc2 16. Bf4 d6 17. Rc1 b3 18. Bd3 Bxb2 19. Bxc2 Bxc1 20. Qxc1 bxc2
21. Bh6 Rfc8 0-1

[Event "4NCL Division 3 North"]
[Site "Bolton, ENG"]
[Date "2018.01.13"]
[Round "3.41"]
[White "Paterson, Andrew I"]
[Black "Rutter, Nick J"]
[Result "0-1"]
[WhiteElo "2095"]
[BlackElo "2245"]
[PlyCount "88"]
[EventDate "2018.01.13"]
[WhiteTeam "Warwickshire Select 2"]
[BlackTeam "Shropshire 1"]

1. d4 d5 2. c4 c6 3. cxd5 cxd5 4. Nc3 Nf6 5. Nf3 a6 6. Bf4 e6 7. e3 Bd6 8. Ne5
Ne4 9. Bd3 Nxc3 10. bxc3 Nc6 11. Nxc6 bxc6 12. Bxd6 Qxd6 13. O-O O-O 14. c4 e5
15. c5 Qe7 16. Qa4 Bd7 17. Rfb1 exd4 18. exd4 Qf6 19. Rb7 Rfd8 20. Rab1 a5 21.
R7b6 Re8 22. Ba6 Qg6 23. Bf1 h5 24. Qd1 Bf5 25. R1b2 a4 26. a3 h4 27. Re2 Rxe2
28. Qxe2 Qf6 29. Qe3 Kf8 30. Bb5 Re8 31. Bxc6 Bd7 32. Bxd7 Rxe3 33. fxe3 Qg5
34. Kf2 Ke7 35. c6 Qg6 36. Rb2 Kd6 37. Be8 Qf5+ 38. Kg1 Qe6 39. Bd7 Qxe3+ 40.
Rf2 Qxd4 41. h3 f6 42. Be8 Qa1+ 43. Rf1 Qxa3 44. Kh1 Qe3 0-1

[Event "4NCL Division 3 North"]
[Site "Bolton, ENG"]
[Date "2018.01.13"]
[Round "3.42"]
[White "Cooper, Gavyn"]
[Black "Page, Mark E"]
[Result "0-1"]
[WhiteElo "2140"]
[BlackElo "2127"]
[PlyCount "82"]
[EventDate "2018.01.13"]
[WhiteTeam "Shropshire 1"]
[BlackTeam "Warwickshire Select 2"]

1. Nf3 Nf6 2. g3 g6 3. Bg2 Bg7 4. O-O O-O 5. d4 d6 6. c4 Nbd7 7. Nc3 e5 8. e4
exd4 9. Nxd4 Re8 10. Re1 a6 11. Rb1 Rb8 12. Nc2 Ne5 13. Qe2 Be6 14. b3 Nfd7 15.
Bb2 Nc5 16. Rbd1 b5 17. cxb5 axb5 18. Nd4 b4 19. Nb1 Bg4 20. f3 Bc8 21. Qc2 Ba6
22. Bf1 Qc8 23. a4 bxa3 24. Nxa3 Nxb3 25. Re3 Nxd4 26. Bxd4 Bxf1 27. Kxf1 Qa6+
28. Kg2 c5 29. Ba1 Rb4 30. h3 Reb8 31. Qd2 Rb3 32. Rxb3 Rxb3 33. Nc2 Nxf3 34.
Qf2 Qc4 35. Ne3 Rxe3 36. Qxe3 Qc2+ 37. Qf2 Qxd1 38. Bxg7 Kxg7 39. Qxf3 Qxf3+
40. Kxf3 Kf6 41. Ke3 Ke5 0-1

[Event "4NCL Division 3 North"]
[Site "Bolton, ENG"]
[Date "2018.01.13"]
[Round "3.43"]
[White "Fallowfield, Jeremy R"]
[Black "Bryant, Richard B E"]
[Result "1/2-1/2"]
[WhiteElo "2147"]
[BlackElo "2035"]
[PlyCount "89"]
[EventDate "2018.01.13"]
[WhiteTeam "Warwickshire Select 2"]
[BlackTeam "Shropshire 1"]

1. e4 e6 2. d4 d5 3. Nd2 Nf6 4. e5 Nfd7 5. f4 c5 6. Ngf3 Nc6 7. Nb3 c4 8. Nbd2
b5 9. Be2 Nb6 10. Nf1 a5 11. Ne3 h5 12. c3 g6 13. O-O Ba6 14. g3 b4 15. Bd2 Qd7
16. h3 Be7 17. Ng5 Qb7 18. g4 hxg4 19. hxg4 Nd7 20. Be1 Bxg5 21. fxg5 Rh7 22.
Bg3 Qa7 23. Qd2 O-O-O 24. Rf2 Rdh8 25. Bf3 Rh3 26. Bf4 Nb6 27. Bg2 R3h7 28. Nc2
b3 29. Ne3 a4 30. a3 Qd7 31. Rff1 Bb7 32. Rae1 Nd8 33. Qd1 Bc6 34. Kf2 Kb7 35.
Rh1 Qe8 36. Rh6 Qe7 37. Reh1 Rxh6 38. Rxh6 Rg8 39. Rh7 Qf8 40. Qh1 Ka6 41. Nf1
Nc8 42. Nd2 Kb5 43. Bf1 Nb6 44. Nf3 Ka5 45. Be2 1/2-1/2

[Event "4NCL Division 3 North"]
[Site "Bolton, ENG"]
[Date "2018.01.13"]
[Round "3.44"]
[White "Jamieson, Ian"]
[Black "Cooper, David M"]
[Result "0-1"]
[WhiteElo "2035"]
[BlackElo "2018"]
[PlyCount "86"]
[EventDate "2018.01.13"]
[WhiteTeam "Shropshire 1"]
[BlackTeam "Warwickshire Select 2"]

1. b3 d5 2. Bb2 Nf6 3. e3 Bg4 4. Ne2 Nbd7 5. h3 Bxe2 6. Bxe2 e5 7. d3 Bd6 8.
Nd2 O-O 9. c4 c6 10. Qc2 Qe7 11. a3 a5 12. Nf3 Rfc8 13. Nh4 g6 14. Nf3 b5 15.
Nh2 bxc4 16. bxc4 Nc5 17. Ng4 Rcb8 18. Nxf6+ Qxf6 19. O-O Qe7 20. f4 exf4 21.
exf4 Qe3+ 22. Rf2 Nb3 23. Rd1 Bc5 24. d4 Nxd4 25. Bxd4 Bxd4 26. Rxd4 Qxd4 27.
f5 Rb2 28. Qd3 Qxd3 29. Bxd3 Rxf2 30. Kxf2 dxc4 31. Bxc4 Kg7 32. fxg6 hxg6 33.
Ke3 Rd8 34. Bd3 f5 35. Kd2 c5 36. Kc3 Rd4 37. Bb5 Kf6 38. Bc6 Ke5 39. Be8 g5
40. Bc6 Kf4 41. Bb7 Kg3 42. Bc8 Rf4 43. Bb7 Rf2 0-1

[Event "4NCL Division 3 North"]
[Site "Bolton, ENG"]
[Date "2018.01.13"]
[Round "3.45"]
[White "Ingram, Keith R"]
[Black "Whyte, Brian G"]
[Result "0-1"]
[WhiteElo "1964"]
[BlackElo "1997"]
[PlyCount "126"]
[EventDate "2018.01.13"]
[WhiteTeam "Warwickshire Select 2"]
[BlackTeam "Shropshire 1"]

1. e4 e5 2. Bc4 Nf6 3. d4 Nxe4 4. dxe5 Nc5 5. Nf3 Be7 6. Nc3 d6 7. Be3 Be6 8.
exd6 cxd6 9. Bb5+ Nc6 10. Nd4 Bd7 11. O-O a6 12. Bc4 O-O 13. Nd5 Bg5 14. f4 Bf6
15. c3 Rc8 16. Be2 Re8 17. Bf3 Ne6 18. Nf5 Nc7 19. Nxc7 Qxc7 20. Nxd6 Rxe3 21.
Nxc8 Bxc8 22. Qd2 Re8 23. Rae1 Rd8 24. Qe3 g6 25. g3 Be6 26. Rf2 Bxa2 27. g4
Bh4 28. Rfe2 Bxe1 29. Rxe1 Bd5 30. f5 Bxf3 31. Qxf3 Qd6 32. f6 h6 33. h4 Qc5+
34. Kh1 Kh7 35. Qf4 Qd5+ 36. Kg1 Qd7 37. h5 Qd6 38. hxg6+ fxg6 39. Qf3 Rf8 40.
g5 Qc5+ 41. Qe3 Qxe3+ 42. Rxe3 Rf7 43. Re6 hxg5 44. Kg2 g4 45. Kg3 g5 46. Kxg4
Kg6 47. Kg3 Rxf6 48. Re8 Kf5 49. Rg8 Rf7 50. Re8 Ne5 51. Rc8 Ke4 52. b4 g4 53.
c4 Rf3+ 54. Kg2 Rb3 55. b5 axb5 56. c5 Rc3 57. Rc7 Kd5 58. Rxb7 Kxc5 59. Re7
Re3 60. Rc7+ Kb4 61. Kf2 Re4 62. Rc8 Kb3 63. Rc7 b4 0-1

[Event "4NCL Division 3 North"]
[Site "Bolton, ENG"]
[Date "2018.01.13"]
[Round "3.46"]
[White "Paul, Nathanael"]
[Black "Cundy, Mark A"]
[Result "1/2-1/2"]
[WhiteElo "1997"]
[BlackElo "1955"]
[PlyCount "66"]
[EventDate "2018.01.13"]
[WhiteTeam "Shropshire 1"]
[BlackTeam "Warwickshire Select 2"]

1. e4 c5 2. Nf3 Nc6 3. d4 cxd4 4. Nxd4 Nf6 5. Nc3 e5 6. Ndb5 d6 7. Bg5 a6 8.
Na3 b5 9. Nd5 Be7 10. Bxf6 Bxf6 11. c3 O-O 12. Be2 Bg5 13. O-O Ne7 14. Nc2 f5
15. f3 Be6 16. Ncb4 Kh8 17. a4 bxa4 18. Qxa4 a5 19. Nc6 Nxc6 20. Qxc6 Bxd5 21.
exd5 Be3+ 22. Kh1 Rf6 23. b4 Rc8 24. Qb7 Rb8 25. Qc6 Rh6 26. g3 f4 27. Kg2 Qg5
28. Qd7 axb4 29. cxb4 Bd4 30. Rac1 Rxh2+ 31. Kxh2 Qxg3+ 32. Kh1 Qh4+ 33. Kg2
Qg3+ 1/2-1/2

[Event "4NCL Division 3 North"]
[Site "Bolton, ENG"]
[Date "2018.01.13"]
[Round "3.51"]
[White "Watson, Phil R"]
[Black "White, Mark W"]
[Result "1-0"]
[WhiteElo "2170"]
[BlackElo "2020"]
[PlyCount "127"]
[EventDate "2018.01.13"]
[WhiteTeam "Bradford DCA Knights A"]
[BlackTeam "Jorvik"]

1. d4 Nf6 2. c4 c5 3. d5 b5 4. cxb5 a6 5. bxa6 Bxa6 6. Nc3 g6 7. Nf3 d6 8. e4
Bxf1 9. Kxf1 Bg7 10. h3 O-O 11. Kg1 Nbd7 12. Kh2 Qa5 13. Re1 Rfb8 14. Re2 Ne8
15. Rc2 Nc7 16. Bg5 Kf8 17. Rac1 Rb7 18. Qd2 Nb5 19. Bh6 Rab8 20. Re1 Nxc3 21.
bxc3 Qa3 22. Re2 Kg8 23. Bxg7 Kxg7 24. e5 dxe5 25. Nxe5 Nxe5 26. Rxe5 Qa6 27.
c4 Qd6 28. f4 Ra8 29. Qe3 Ra4 30. Re4 Rba7 31. Qc3+ Qf6 32. Qe3 Qd6 33. Re2 Ra3
34. Qf2 R3a5 35. Qh4 Qf6 36. Qxf6+ Kxf6 37. Kg3 h5 38. Kf3 Ra3+ 39. Kf2 R3a4
40. g4 hxg4 41. hxg4 g5 42. fxg5+ Kxg5 43. Re5+ Kf6 44. g5+ Kg7 45. Rxe7 Rxe7
46. Rxe7 Rxa2+ 47. Ke3 Kf8 48. Rc7 Rg2 49. d6 Ke8 50. Rxc5 Kd7 51. Rd5 Rg3+ 52.
Kd4 Rf3 53. c5 Rf1 54. Re5 Rd1+ 55. Kc3 Kc6 56. Rf5 Rc1+ 57. Kd4 Rd1+ 58. Ke5
Kxc5 59. Kf6+ Kxd6 60. Kxf7 Re1 61. g6 Re7+ 62. Kg8 Re8+ 63. Kh7 Ke6 64. Rf1
1-0

[Event "4NCL Division 3 North"]
[Site "Bolton, ENG"]
[Date "2018.01.13"]
[Round "3.53"]
[White "Allis, Richard"]
[Black "Cowan, Richard M"]
[Result "1-0"]
[WhiteElo "2049"]
[BlackElo "1865"]
[PlyCount "57"]
[EventDate "2018.01.13"]
[WhiteTeam "Bradford DCA Knights A"]
[BlackTeam "Jorvik"]

1. d4 d6 2. Nf3 g6 3. e4 Bg7 4. Bc4 Nf6 5. Qe2 O-O 6. Bg5 d5 7. exd5 Nxd5 8.
O-O Nc6 9. c3 h6 10. Bh4 Re8 11. Ne5 Nxe5 12. dxe5 c6 13. Rd1 Qc7 14. Bg3 e6
15. Nd2 Re7 16. Bb3 b5 17. Ne4 Qb6 18. Qf3 Bb7 19. Bh4 g5 20. Bg3 c5 21. Bc2
Rf8 22. Qh5 Qc6 23. f3 Ne3 24. Nf6+ Kh8 25. Be4 Qc7 26. Rd6 Bxe4 27. fxe4 b4
28. h4 g4 29. Bf4 1-0

[Event "4NCL Division 3 North"]
[Site "Bolton, ENG"]
[Date "2018.01.13"]
[Round "3.54"]
[White "Flint, Martina"]
[Black "Jennings, Roger W"]
[Result "1/2-1/2"]
[WhiteElo "1841"]
[BlackElo "2016"]
[PlyCount "87"]
[EventDate "2018.01.13"]
[WhiteTeam "Jorvik"]
[BlackTeam "Bradford DCA Knights A"]

1. f4 g6 2. d3 Bg7 3. Nf3 d6 4. g3 Nf6 5. Bg2 O-O 6. O-O Nc6 7. c3 Bd7 8. e4
Qc8 9. Nh4 Bh3 10. f5 Bxg2 11. Kxg2 d5 12. Qe2 dxe4 13. dxe4 Ne5 14. Bf4 Nh5
15. Be3 Qd7 16. Na3 Qd3 17. Qxd3 Nxd3 18. Bd4 Nxb2 19. Rfb1 Na4 20. Rxb7 Nxc3
21. Bxc3 Bxc3 22. Rc1 Ba5 23. Nc4 Bb6 24. Nxb6 axb6 25. Rc2 Ra4 26. Rcxc7 g5
27. Nf3 g4 28. Nd2 Rxa2 29. Rd7 Nf6 30. Rd4 Nxe4 31. Rxe4 Rxd2+ 32. Kg1 Ra8 33.
Rbxe7 Ra1+ 34. Re1 Rxe1+ 35. Rxe1 Kg7 36. Rb1 Rd6 37. Rb5 Kf6 38. Kf2 Rd2+ 39.
Ke3 Rxh2 40. Kf4 Rf2+ 41. Kxg4 h5+ 42. Kh3 Kg5 43. f6+ Kxf6 44. Rxb6+ 1/2-1/2

[Event "4NCL Division 3 North"]
[Site "Bolton, ENG"]
[Date "2018.01.13"]
[Round "3.55"]
[White "Bak, Christopher"]
[Black "Anderson, Paul W"]
[Result "1-0"]
[WhiteElo "2018"]
[BlackElo "1786"]
[PlyCount "49"]
[EventDate "2018.01.13"]
[WhiteTeam "Bradford DCA Knights A"]
[BlackTeam "Jorvik"]

1. e4 e5 2. Nf3 Nf6 3. Nc3 Nc6 4. Bb5 d6 5. d4 exd4 6. Nxd4 Bd7 7. O-O Ne5 8.
Be2 Be7 9. f4 Nc6 10. Be3 O-O 11. Bf3 Nxd4 12. Bxd4 Bc6 13. Qe2 Re8 14. Rad1
Bf8 15. e5 Nd7 16. Bxc6 bxc6 17. Qg4 c5 18. Bf2 Re6 19. Ne4 Rb8 20. Ng5 Rg6 21.
Qh5 Rxg5 22. fxg5 Nxe5 23. Bxc5 Rxb2 24. Bd4 g6 25. Qe2 1-0

[Event "4NCL Division 3 North"]
[Site "Bolton, ENG"]
[Date "2018.01.13"]
[Round "3.56"]
[White "Andrews, Norman G"]
[Black "Nicholson, Jim W R"]
[Result "0-1"]
[WhiteElo "1636"]
[BlackElo "1999"]
[PlyCount "72"]
[EventDate "2018.01.13"]
[WhiteTeam "Jorvik"]
[BlackTeam "Bradford DCA Knights A"]

1. Nf3 Nf6 2. d4 d5 3. g3 c6 4. Bg2 g6 5. O-O Bg7 6. c4 O-O 7. cxd5 Nxd5 8. e4
Nf6 9. Nc3 Bg4 10. Qb3 Qb6 11. Qxb6 axb6 12. Be3 b5 13. Ne5 b4 14. Nd1 Be6 15.
Nd3 Bc4 16. Nxb4 Bxf1 17. Kxf1 Ng4 18. Ke2 Nxe3 19. fxe3 Na6 20. Nd3 e6 21. Nc3
Nc7 22. Nc5 Ra7 23. e5 Rd8 24. N3e4 Bf8 25. Nd7 Be7 26. Ndf6+ Kg7 27. a3 Nd5
28. Rf1 h6 29. h4 Ra6 30. Ng4 Rb6 31. b4 Ra6 32. Rb1 Rxa3 33. b5 c5 34. dxc5
Bxc5 35. Rc1 Bxe3 36. Nd6 Bxc1 0-1

[Event "4NCL Division 3 North"]
[Site "Bolton, ENG"]
[Date "2018.01.13"]
[Round "3.61"]
[White "Lyth, John D"]
[Black "Melaugh, Shane"]
[Result "0-1"]
[WhiteElo "1900"]
[BlackElo "2050"]
[PlyCount "160"]
[EventDate "2018.01.13"]
[WhiteTeam "Manchester Manticores 4"]
[BlackTeam "Enniscorthy"]

1. d4 e6 2. Nf3 f5 3. g3 b6 4. Bg2 Bb7 5. O-O Nf6 6. c4 Be7 7. Nc3 O-O 8. Qc2
Ne4 9. Nd2 Nxc3 10. bxc3 Bxg2 11. Kxg2 d5 12. cxd5 exd5 13. Nf3 Nd7 14. c4 dxc4
15. Qxc4+ Kh8 16. Bf4 Bd6 17. Ng5 Qe7 18. Bxd6 cxd6 19. Ne6 Rac8 20. Qb3 Rfe8
21. Nf4 Qe4+ 22. Qf3 Qxd4 23. Qb7 Qa4 24. Rfd1 Qc6+ 25. Qxc6 Rxc6 26. Rd2 Nf6
27. f3 g5 28. Nh3 h6 29. Rad1 Kg7 30. Nf2 d5 31. Nd3 Rce6 32. Kf2 Ne4+ 33. fxe4
dxe4 34. Rc2 exd3 35. Rxd3 Kf6 36. Rd5 Re5 37. Rd7 R8e7 38. Rd6+ R7e6 39. Rd7
a6 40. Rh7 Kg6 41. Rd7 Kh5 42. Rd4 Re4 43. Rxe4 fxe4 44. h3 Kg6 45. Ke3 Kf6 46.
Rc8 Ke5 47. Rd8 b5 48. Rd4 Rc6 49. Rxe4+ Kd5 50. Rd4+ Kc5 51. Rd3 Kb4 52. Kd2
Rf6 53. Rb3+ Ka4 54. Rd3 b4 55. Kc2 a5 56. Kb2 Re6 57. e3 Kb5 58. a3 Re4 59.
axb4 axb4 60. Kb3 Kc5 61. Kc2 h5 62. Kb3 Re6 63. e4 Rxe4 64. Rf3 Re5 65. Rd3
Rf5 66. Re3 Kd4 67. g4 hxg4 68. hxg4 Rf4 69. Rg3 Ke4 70. Kxb4 Rf3 71. Rg1 Kf4
72. Kc4 Rg3 73. Rf1+ Kxg4 74. Kd4 Rf3 75. Rg1+ Kf4 76. Rg2 g4 77. Rg1 g3 78.
Rg2 Rf2 79. Rg1 g2 80. Kd3 Kf3 0-1

[Event "4NCL Division 3 North"]
[Site "Bolton, ENG"]
[Date "2018.01.13"]
[Round "3.62"]
[White "O'Neill, Paul Sean"]
[Black "Rahulan, Thivyaa"]
[Result "0-1"]
[WhiteElo "1946"]
[BlackElo "1795"]
[PlyCount "64"]
[EventDate "2018.01.13"]
[WhiteTeam "Enniscorthy"]
[BlackTeam "Manchester Manticores 4"]

1. d4 e6 2. c4 f5 3. g3 Nf6 4. Bg2 Be7 5. Nf3 O-O 6. O-O Qe8 7. Nc3 d6 8. Qc2
Nbd7 9. Ng5 Bd8 10. e4 h6 11. Nh3 fxe4 12. Nxe4 Qf7 13. Bd2 e5 14. dxe5 Nxe5
15. Nxf6+ Bxf6 16. Nf4 c6 17. Rac1 Be7 18. Nd3 Nf3+ 19. Bxf3 Qxf3 20. Ne1 Qh5
21. Qe4 Bf6 22. Bc3 Bf5 23. Qh1 Bh3 24. Ng2 Bxc3 25. Rxc3 Qe2 26. b3 Rf3 27.
Re3 Rxe3 28. fxe3 Rf8 29. Rf4 Rxf4 30. exf4 d5 31. cxd5 cxd5 32. a4 d4 0-1

[Event "4NCL Division 3 North"]
[Site "Bolton, ENG"]
[Date "2018.01.13"]
[Round "3.64"]
[White "Goss, Alex"]
[Black "Grindrod, John"]
[Result "1-0"]
[WhiteElo "1734"]
[BlackElo "1832"]
[PlyCount "71"]
[EventDate "2018.01.13"]
[WhiteTeam "Enniscorthy"]
[BlackTeam "Manchester Manticores 4"]

1. d4 e6 2. c4 d5 3. Nc3 Nf6 4. cxd5 exd5 5. Bg5 c6 6. e3 Be7 7. Bd3 Nbd7 8.
Nge2 Nf8 9. f3 Ne6 10. Bh4 Bd7 11. O-O Nh5 12. Bf2 g6 13. Qd2 Bh4 14. Bxh4 Qxh4
15. g3 Qg5 16. f4 Qh6 17. e4 dxe4 18. Nxe4 O-O 19. g4 f5 20. gxh5 fxe4 21. Bxe4
Qxh5 22. d5 Nc5 23. Bg2 Rad8 24. Ng3 Qh4 25. Qd4 b6 26. b4 Nb7 27. dxc6 Be6 28.
Qe5 Bc4 29. cxb7 Bxf1 30. Rxf1 Rfe8 31. Qc7 Qf6 32. Bc6 Qd4+ 33. Kh1 Rf8 34. f5
g5 35. f6 Rf7 36. b8=Q 1-0

[Event "4NCL Division 3 North"]
[Site "Bolton, ENG"]
[Date "2018.01.13"]
[Round "3.66"]
[White "Pocevicius, Dovydas"]
[Black "Barooah, Michael"]
[Result "1-0"]
[WhiteElo "1650"]
[BlackElo "1735"]
[PlyCount "91"]
[EventDate "2018.01.13"]
[WhiteTeam "Enniscorthy"]
[BlackTeam "Manchester Manticores 4"]

1. e4 d6 2. f4 g6 3. Nf3 Bg7 4. Bc4 e6 5. O-O Nf6 6. d3 O-O 7. Qe1 h6 8. Nc3 d5
9. Bb3 dxe4 10. dxe4 Nc6 11. Be3 Qe7 12. Nd4 Nxd4 13. Bxd4 c5 14. Be3 Ng4 15.
e5 Nxe3 16. Qxe3 Bd7 17. Ne4 Rac8 18. c4 b5 19. Rfd1 f6 20. Nd6 Rc7 21. cxb5
fxe5 22. fxe5 Rb8 23. a4 Qg5 24. Qxg5 hxg5 25. Re1 a6 26. Bc4 axb5 27. axb5 Bf8
28. Ne4 Bxb5 29. Bxe6+ Kg7 30. Nxg5 Re7 31. Re3 Rbe8 32. Ra5 Bd7 33. Bxd7 Rxd7
34. Nf3 Rc7 35. Ra6 c4 36. Kf1 Rb7 37. Re2 Reb8 38. Nh4 Rxb2 39. Rxg6+ Kh7 40.
Rxb2 Rxb2 41. Rc6 Rc2 42. Nf5 c3 43. e6 Rc1+ 44. Ke2 Bb4 45. e7 c2 46. Rh6+ 1-0

[Event "4NCL Division 3 North"]
[Site "Bolton, ENG"]
[Date "2018.01.13"]
[Round "3.71"]
[White "Hilton, Tim"]
[Black "Ukken, Somton"]
[Result "1/2-1/2"]
[WhiteElo "1967"]
[BlackElo "1881"]
[PlyCount "64"]
[EventDate "2018.01.13"]
[WhiteTeam "Manchester Manticores 3"]
[BlackTeam "Ashfield-Breadsall 2"]

1. c4 Nf6 2. g3 e6 3. Bg2 d5 4. Nf3 Be7 5. O-O O-O 6. b3 Nbd7 7. Bb2 c6 8. d3
Qc7 9. Qc2 b6 10. Nbd2 Bb7 11. e4 dxe4 12. dxe4 e5 13. Rfe1 Rad8 14. Nf1 Bb4
15. Bc3 Bxc3 16. Qxc3 Rfe8 17. Nh4 Nc5 18. Nf5 Ne6 19. Rad1 c5 20. f3 Nd4 21.
N1e3 g6 22. Nh6+ Kg7 23. Qc1 Bc8 24. Nd5 Nxd5 25. cxd5 Qe7 26. Qd2 g5 27. Ng4
Bxg4 28. fxg4 Rh8 29. Qf2 Rd6 30. Rf1 h5 31. gxh5 Rxh5 32. Bf3 Rhh6 1/2-1/2

[Event "4NCL Division 3 North"]
[Site "Bolton, ENG"]
[Date "2018.01.13"]
[Round "3.72"]
[White "Taylor, Robert P"]
[Black "Tyton, Adam"]
[Result "1/2-1/2"]
[WhiteElo "1818"]
[BlackElo "1930"]
[PlyCount "81"]
[EventDate "2018.01.13"]
[WhiteTeam "Ashfield-Breadsall 2"]
[BlackTeam "Manchester Manticores 3"]

1. d4 Nf6 2. Bg5 e6 3. Nd2 h6 4. Bh4 c5 5. dxc5 Bxc5 6. e3 d5 7. Ngf3 O-O 8.
Ne5 Nbd7 9. Ndf3 Qb6 10. Nd3 Bd6 11. Bg3 Re8 12. Bxd6 Qxd6 13. Be2 e5 14. Nd2
b6 15. O-O Bb7 16. c4 dxc4 17. Nxc4 Qd5 18. Ne1 Ba6 19. Nd2 Bxe2 20. Qxe2 Rac8
21. Nb3 Rc7 22. Rd1 Qe6 23. Qd3 Rec8 24. e4 Rc4 25. f3 a5 26. Qe3 a4 27. Nd2
Rd4 28. a3 Qd6 29. Rf2 b5 30. Qe2 Rc5 31. g3 Nb6 32. b4 axb3 33. Nxb3 Rxd1 34.
Nxc5 Rxe1+ 35. Qxe1 Qxc5 36. Qa5 Nc4 37. Qb4 Qd4 38. Qxb5 Nxa3 39. Qb8+ Kh7 40.
Qb2 Qxb2 41. Rxb2 1/2-1/2

[Event "4NCL Division 3 North"]
[Site "Bolton, ENG"]
[Date "2018.01.13"]
[Round "3.73"]
[White "Jones, Neil T"]
[Black "Flynn, David"]
[Result "1/2-1/2"]
[WhiteElo "1937"]
[BlackElo "1876"]
[PlyCount "38"]
[EventDate "2018.01.13"]
[WhiteTeam "Manchester Manticores 3"]
[BlackTeam "Ashfield-Breadsall 2"]

1. d4 Nf6 2. c4 g6 3. Nc3 d5 4. Nf3 Bg7 5. Bf4 O-O 6. e3 c5 7. dxc5 Qa5 8. Qb3
Ne4 9. Be5 Bxe5 10. Nxe5 Nxc3 11. Qxc3 Qxc3+ 12. bxc3 dxc4 13. Bxc4 Nd7 14.
Nxd7 Bxd7 15. Bd5 Rac8 16. Bxb7 Rxc5 17. O-O Rb8 18. Rab1 Rxc3 19. Bd5 Rxb1
1/2-1/2

[Event "4NCL Division 3 North"]
[Site "Bolton, ENG"]
[Date "2018.01.13"]
[Round "3.74"]
[White "Graham, Neil"]
[Black "Altham, John T"]
[Result "0-1"]
[WhiteElo "1808"]
[BlackElo "1892"]
[PlyCount "138"]
[EventDate "2018.01.13"]
[WhiteTeam "Ashfield-Breadsall 2"]
[BlackTeam "Manchester Manticores 3"]

1. d4 d6 2. e4 Nf6 3. Bd3 Nbd7 4. Nf3 e5 5. c3 Be7 6. O-O c6 7. Nbd2 Qc7 8.
dxe5 dxe5 9. Re1 h6 10. Nf1 Nf8 11. Ne3 g6 12. Nc4 N6d7 13. b3 b5 14. Ne3 Ne6
15. Bb2 Nf4 16. Bc2 O-O 17. g3 Nh3+ 18. Kg2 Ng5 19. Nxg5 hxg5 20. Qe2 Nf6 21.
Rad1 Be6 22. g4 Kg7 23. f3 Rh8 24. Rh1 Nh7 25. Bd3 Nf8 26. c4 b4 27. Ra1 Bd7
28. Nc2 Ne6 29. Bc1 Rab8 30. Be3 Bc5 31. Qd2 Bxe3 32. Qxe3 Nf4+ 33. Kf2 Nh3+
34. Kg3 Nf4 35. Kf2 Qb6 36. Rad1 c5 37. Bf1 Be6 38. Ne1 Rbd8 39. Rxd8 Rxd8 40.
Nd3 Qd6 41. Nxc5 Qd2+ 42. Qxd2 Rxd2+ 43. Ke3 Rxa2 44. Nxe6+ Nxe6 45. c5 Ra1 46.
c6 Kf6 47. Bg2 Rxh1 48. Bxh1 Ke7 49. Kd3 Nd4 50. Kc4 Nxc6 51. Kc5 Kd7 52. Bg2
a5 53. Bf1 Nd4 54. Bc4 f6 55. Kb6 Kd6 56. Kxa5 Kc5 57. Ka6 Nxf3 58. Kb7 Nd2 59.
Bf7 Nxe4 60. Bxg6 Nd2 61. Bc2 e4 62. Kc7 e3 63. Bd1 Nxb3 64. Kd7 Nd2 65. Ke6 b3
66. Kxf6 b2 67. Bc2 e2 68. Kxg5 e1=Q 69. h4 Nf3+ 0-1

[Event "4NCL Division 3 North"]
[Site "Bolton, ENG"]
[Date "2018.01.13"]
[Round "3.75"]
[White "Potter, Steven"]
[Black "Hill, Maurice J"]
[Result "1-0"]
[WhiteElo "1870"]
[BlackElo "1819"]
[PlyCount "131"]
[EventDate "2018.01.13"]
[WhiteTeam "Manchester Manticores 3"]
[BlackTeam "Ashfield-Breadsall 2"]

1. d4 Nf6 2. Bg5 e6 3. e3 h6 4. Bh4 Be7 5. Bd3 d5 6. Nd2 b6 7. Ngf3 Bb7 8. Bxf6
Bxf6 9. O-O O-O 10. Qe2 Nd7 11. Ba6 Bxa6 12. Qxa6 Qc8 13. Qa4 e5 14. dxe5 Nxe5
15. c3 c5 16. Nxe5 Bxe5 17. Nf3 Bf6 18. Rfd1 Rd8 19. Rac1 Qb7 20. b4 Rac8 21.
bxc5 Rxc5 22. Nd4 Rc4 23. Qb3 Rdc8 24. g3 Bxd4 25. Rxd4 Rxd4 26. exd4 Rc4 27.
Qb5 a6 28. Qe8+ Kh7 29. Qd8 Rc8 30. Qd6 Qc6 31. Qe7 Rc7 32. Qe2 Qc4 33. Qc2+
Kg8 34. Re1 g6 35. Re3 Qxd4 36. Qxg6+ fxg6 37. cxd4 Kf7 38. Re5 Rd7 39. h4 b5
40. g4 b4 41. Kf1 a5 42. h5 gxh5 43. Rxh5 Rd6 44. Ke2 a4 45. Kd2 b3 46. axb3
axb3 47. Kc3 Rf6 48. Kxb3 Rxf2 49. Rxh6 Rf4 50. Kc3 Rxg4 51. Rd6 Rg5 52. Kb4
Ke7 53. Kc5 Rg1 54. Kxd5 Rd1 55. Re6+ Kd7 56. Rh6 Rd2 57. Rh7+ Kd8 58. Ke5 Re2+
59. Kd6 Ke8 60. Rh6 Ra2 61. Rh8+ Kf7 62. d5 Ra6+ 63. Kc7 Ra5 64. d6 Ra7+ 65.
Kb6 Rd7 66. Kc6 1-0

[Event "4NCL Division 3 North"]
[Site "Bolton, ENG"]
[Date "2018.01.13"]
[Round "3.76"]
[White "Wright, Nigel"]
[Black "Coward, Neil"]
[Result "1/2-1/2"]
[WhiteElo "1697"]
[BlackElo "1870"]
[PlyCount "49"]
[EventDate "2018.01.13"]
[WhiteTeam "Ashfield-Breadsall 2"]
[BlackTeam "Manchester Manticores 3"]

1. d4 c5 2. c3 cxd4 3. cxd4 d5 4. Bf4 Nf6 5. e3 g6 6. Nf3 Bg7 7. Bxb8 Qa5+ 8.
Nc3 Rxb8 9. Qa4+ Qxa4 10. Nxa4 O-O 11. Be2 b6 12. Rc1 Bf5 13. O-O Rfc8 14. Ne5
Bd7 15. Nxd7 Nxd7 16. Bb5 Nf6 17. f3 Kf8 18. Ba6 Rxc1 19. Rxc1 Ne8 20. Rc8 Rxc8
21. Bxc8 Nd6 22. Bd7 Bh6 23. Kf2 Nc4 24. f4 e6 25. Bb5 1/2-1/2

[Event "4NCL Division 3 North"]
[Site "Bolton, ENG"]
[Date "2018.01.13"]
[Round "3.81"]
[White "Rita, Joao"]
[Black "Karas, Marek"]
[Result "1-0"]
[WhiteElo "2095"]
[BlackElo "2243"]
[PlyCount "77"]
[EventDate "2018.01.13"]
[WhiteTeam "3Cs 3"]
[BlackTeam "Castleford Roses"]

1. e4 g6 2. Bc4 Bg7 3. Nf3 e6 4. Qe2 Ne7 5. Bb3 c5 6. d3 Nbc6 7. c3 d5 8. Bg5
h6 9. Bf4 d4 10. e5 g5 11. Bg3 Nf5 12. O-O h5 13. h4 g4 14. Ng5 Nxg3 15. fxg3
Nxe5 16. Ba4+ Ke7 17. Qxe5 f6 18. Qxc5+ Qd6 19. Qxd6+ Kxd6 20. Nf7+ Ke7 21.
Nxh8 Bxh8 22. cxd4 f5 23. Nc3 Bxd4+ 24. Kh2 a6 25. Rab1 b5 26. Bb3 Kd6 27. Ne2
Be5 28. Nf4 Bd7 29. Nxh5 Rh8 30. Nf4 Bf6 31. Rfe1 e5 32. Nd5 Bd8 33. Kg1 Bc6
34. Ne3 Bb6 35. Kh2 Bd7 36. Nd5 Bd8 37. Rf1 a5 38. Ne3 Rh5 39. Bf7 1-0